<?xml version="1.0" encoding="UTF-8"?>
<marc:record xmlns:marc="http://www.loc.gov/MARC21/slim" type="Bibliographic">
   <marc:leader>00000pam a2200000 c 4500</marc:leader>
   <marc:controlfield tag="001">961877197</marc:controlfield>
   <marc:controlfield tag="003">DE-101</marc:controlfield>
   <marc:controlfield tag="005">20171203112402.0</marc:controlfield>
   <marc:controlfield tag="007">tu</marc:controlfield>
   <marc:controlfield tag="008">010625s2002    gw ||||| |||| 00||||ger  </marc:controlfield>
   <marc:datafield ind1=" " ind2=" " tag="015">
      <marc:subfield code="a">02,A18,0041</marc:subfield>
      <marc:subfield code="z">02,N09,0021</marc:subfield>
      <marc:subfield code="2">dnb</marc:subfield>
   </marc:datafield>
   <marc:datafield ind1="7" ind2=" " tag="016">
      <marc:subfield code="2">DE-101</marc:subfield>
      <marc:subfield code="a">961877197</marc:subfield>
   </marc:datafield>
   <marc:datafield ind1=" " ind2=" " tag="020">
      <marc:subfield code="a">9783314010484</marc:subfield>
      <marc:subfield code="c">Pp. : EUR 12.80, sfr 22.80</marc:subfield>
      <marc:subfield code="9">978-3-314-01048-4</marc:subfield>
   </marc:datafield>
   <marc:datafield ind1=" " ind2=" " tag="020">
      <marc:subfield code="a">3314010486</marc:subfield>
      <marc:subfield code="c">Pp. : EUR 12.80, sfr 22.80</marc:subfield>
      <marc:subfield code="9">3-314-01048-6</marc:subfield>
   </marc:datafield>
   <marc:datafield ind1=" " ind2=" " tag="035">
      <marc:subfield code="a">(DE-599)DNB961877197</marc:subfield>
   </marc:datafield>
   <marc:datafield ind1=" " ind2=" " tag="035">
      <marc:subfield code="a">(OCoLC)76236623</marc:subfield>
   </marc:datafield>
   <marc:datafield ind1=" " ind2=" " tag="040">
      <marc:subfield code="a">1140</marc:subfield>
      <marc:subfield code="b">ger</marc:subfield>
      <marc:subfield code="c">DE-101</marc:subfield>
      <marc:subfield code="d">9999</marc:subfield>
   </marc:datafield>
   <marc:datafield ind1=" " ind2=" " tag="041">
      <marc:subfield code="a">ger</marc:subfield>
   </marc:datafield>
   <marc:datafield ind1=" " ind2=" " tag="044">
      <marc:subfield code="c">XA-DE</marc:subfield>
   </marc:datafield>
   <marc:datafield ind1="7" ind2="4" tag="082">
      <marc:subfield code="a">K</marc:subfield>
      <marc:subfield code="q">DE-101</marc:subfield>
      <marc:subfield code="2">22sdnb</marc:subfield>
   </marc:datafield>
   <marc:datafield ind1=" " ind2=" " tag="084">
      <marc:subfield code="a">17.2</marc:subfield>
      <marc:subfield code="a">36</marc:subfield>
      <marc:subfield code="a">25.3</marc:subfield>
      <marc:subfield code="a">9.3c</marc:subfield>
      <marc:subfield code="q">DE-101</marc:subfield>
      <marc:subfield code="2">sswd</marc:subfield>
   </marc:datafield>
   <marc:datafield ind1=" " ind2=" " tag="090">
      <marc:subfield code="a">b</marc:subfield>
   </marc:datafield>
   <marc:datafield ind1="0" ind2="0" tag="245">
      <marc:subfield code="a">&#x98;Das&#x9c; Eihörnchen</marc:subfield>
      <marc:subfield code="c">eine Geschichte von Udo Weigelt. Ill. von Rolf Siegenthaler</marc:subfield>
   </marc:datafield>
   <marc:datafield ind1=" " ind2="1" tag="264">
      <marc:subfield code="a">Gossau, Zürich</marc:subfield>
      <marc:subfield code="a">Hamburg</marc:subfield>
      <marc:subfield code="b">Nord-Süd-Verl.</marc:subfield>
      <marc:subfield code="c">2002</marc:subfield>
   </marc:datafield>
   <marc:datafield ind1=" " ind2=" " tag="300">
      <marc:subfield code="a">[28] S.</marc:subfield>
      <marc:subfield code="b">überw. Ill.</marc:subfield>
      <marc:subfield code="c">30 cm</marc:subfield>
   </marc:datafield>
   <marc:datafield ind1=" " ind2=" " tag="336">
      <marc:subfield code="a">unbewegtes Bild</marc:subfield>
      <marc:subfield code="b">sti</marc:subfield>
      <marc:subfield code="2">rdacontent</marc:subfield>
   </marc:datafield>
   <marc:datafield ind1=" " ind2=" " tag="337">
      <marc:subfield code="a">ohne Hilfsmittel zu benutzen</marc:subfield>
      <marc:subfield code="b">n</marc:subfield>
      <marc:subfield code="2">rdamedia</marc:subfield>
   </marc:datafield>
   <marc:datafield ind1=" " ind2=" " tag="338">
      <marc:subfield code="a">Band</marc:subfield>
      <marc:subfield code="b">nc</marc:subfield>
      <marc:subfield code="2">rdacarrier</marc:subfield>
   </marc:datafield>
   <marc:datafield ind1=" " ind2=" " tag="385">
      <marc:subfield code="0">(DE-588)4064017-6</marc:subfield>
      <marc:subfield code="0">http://d-nb.info/gnd/4064017-6</marc:subfield>
      <marc:subfield code="0">(DE-101)040640175</marc:subfield>
      <marc:subfield code="a">Vorschulkind</marc:subfield>
      <marc:subfield code="2">gnd</marc:subfield>
   </marc:datafield>
   <marc:datafield ind1="0" ind2=" " tag="490">
      <marc:subfield code="a">Ein Nord-Süd-Bilderbuch</marc:subfield>
   </marc:datafield>
   <marc:datafield ind1=" " ind2="7" tag="650">
      <marc:subfield code="0">(DE-588)4172936-5</marc:subfield>
      <marc:subfield code="0">http://d-nb.info/gnd/4172936-5</marc:subfield>
      <marc:subfield code="0">(DE-101)041729366</marc:subfield>
      <marc:subfield code="a">Osterhase</marc:subfield>
      <marc:subfield code="2">gnd</marc:subfield>
   </marc:datafield>
   <marc:datafield ind1=" " ind2="7" tag="650">
      <marc:subfield code="0">(DE-588)4044027-8</marc:subfield>
      <marc:subfield code="0">http://d-nb.info/gnd/4044027-8</marc:subfield>
      <marc:subfield code="0">(DE-101)040440273</marc:subfield>
      <marc:subfield code="a">Osterei</marc:subfield>
      <marc:subfield code="2">gnd</marc:subfield>
   </marc:datafield>
   <marc:datafield ind1=" " ind2="7" tag="650">
      <marc:subfield code="0">(DE-588)4217660-8</marc:subfield>
      <marc:subfield code="0">http://d-nb.info/gnd/4217660-8</marc:subfield>
      <marc:subfield code="0">(DE-101)042176603</marc:subfield>
      <marc:subfield code="a">Bemalen</marc:subfield>
      <marc:subfield code="2">gnd</marc:subfield>
   </marc:datafield>
   <marc:datafield ind1=" " ind2="7" tag="650">
      <marc:subfield code="0">(DE-588)4151147-5</marc:subfield>
      <marc:subfield code="0">http://d-nb.info/gnd/4151147-5</marc:subfield>
      <marc:subfield code="0">(DE-101)041511476</marc:subfield>
      <marc:subfield code="a">Eichhörnchen</marc:subfield>
      <marc:subfield code="2">gnd</marc:subfield>
   </marc:datafield>
   <marc:datafield ind1=" " ind2="7" tag="650">
      <marc:subfield code="0">(DE-588)4126889-1</marc:subfield>
      <marc:subfield code="0">http://d-nb.info/gnd/4126889-1</marc:subfield>
      <marc:subfield code="0">(DE-101)04126889X</marc:subfield>
      <marc:subfield code="a">Streit</marc:subfield>
      <marc:subfield code="2">gnd</marc:subfield>
   </marc:datafield>
   <marc:datafield ind1=" " ind2="7" tag="655">
      <marc:subfield code="0">(DE-588)4006604-6</marc:subfield>
      <marc:subfield code="0">http://d-nb.info/gnd/4006604-6</marc:subfield>
      <marc:subfield code="0">(DE-101)040066045</marc:subfield>
      <marc:subfield code="a">Bilderbuch</marc:subfield>
      <marc:subfield code="2">gnd-content</marc:subfield>
   </marc:datafield>
   <marc:datafield ind1=" " ind2="7" tag="655">
      <marc:subfield code="a">Bilderbuch</marc:subfield>
      <marc:subfield code="2">gnd</marc:subfield>
   </marc:datafield>
   <marc:datafield ind1="0" ind2="0" tag="689">
      <marc:subfield code="0">(DE-588)4172936-5</marc:subfield>
      <marc:subfield code="0">http://d-nb.info/gnd/4172936-5</marc:subfield>
      <marc:subfield code="0">(DE-101)041729366</marc:subfield>
      <marc:subfield code="D">s</marc:subfield>
      <marc:subfield code="a">Osterhase</marc:subfield>
   </marc:datafield>
   <marc:datafield ind1="0" ind2="1" tag="689">
      <marc:subfield code="0">(DE-588)4044027-8</marc:subfield>
      <marc:subfield code="0">http://d-nb.info/gnd/4044027-8</marc:subfield>
      <marc:subfield code="0">(DE-101)040440273</marc:subfield>
      <marc:subfield code="D">s</marc:subfield>
      <marc:subfield code="a">Osterei</marc:subfield>
   </marc:datafield>
   <marc:datafield ind1="0" ind2="2" tag="689">
      <marc:subfield code="0">(DE-588)4217660-8</marc:subfield>
      <marc:subfield code="0">http://d-nb.info/gnd/4217660-8</marc:subfield>
      <marc:subfield code="0">(DE-101)042176603</marc:subfield>
      <marc:subfield code="D">s</marc:subfield>
      <marc:subfield code="a">Bemalen</marc:subfield>
   </marc:datafield>
   <marc:datafield ind1="0" ind2="3" tag="689">
      <marc:subfield code="0">(DE-588)4151147-5</marc:subfield>
      <marc:subfield code="0">http://d-nb.info/gnd/4151147-5</marc:subfield>
      <marc:subfield code="0">(DE-101)041511476</marc:subfield>
      <marc:subfield code="D">s</marc:subfield>
      <marc:subfield code="a">Eichhörnchen</marc:subfield>
   </marc:datafield>
   <marc:datafield ind1="0" ind2="4" tag="689">
      <marc:subfield code="0">(DE-588)4126889-1</marc:subfield>
      <marc:subfield code="0">http://d-nb.info/gnd/4126889-1</marc:subfield>
      <marc:subfield code="0">(DE-101)04126889X</marc:subfield>
      <marc:subfield code="D">s</marc:subfield>
      <marc:subfield code="a">Streit</marc:subfield>
   </marc:datafield>
   <marc:datafield ind1="0" ind2="5" tag="689">
      <marc:subfield code="A">f</marc:subfield>
      <marc:subfield code="a">Bilderbuch</marc:subfield>
   </marc:datafield>
   <marc:datafield ind1="0" ind2=" " tag="689">
      <marc:subfield code="5">DE-101</marc:subfield>
      <marc:subfield code="5">DE-101</marc:subfield>
   </marc:datafield>
   <marc:datafield ind1="1" ind2=" " tag="700">
      <marc:subfield code="0">(DE-588)115504753</marc:subfield>
      <marc:subfield code="0">http://d-nb.info/gnd/115504753</marc:subfield>
      <marc:subfield code="0">(DE-101)115504753</marc:subfield>
      <marc:subfield code="a">Weigelt, Udo</marc:subfield>
      <marc:subfield code="d">1960-</marc:subfield>
      <marc:subfield code="e">Mitwirkender</marc:subfield>
      <marc:subfield code="4">ctb</marc:subfield>
   </marc:datafield>
   <marc:datafield ind1="1" ind2=" " tag="700">
      <marc:subfield code="0">(DE-588)120142260</marc:subfield>
      <marc:subfield code="0">http://d-nb.info/gnd/120142260</marc:subfield>
      <marc:subfield code="0">(DE-101)120142260</marc:subfield>
      <marc:subfield code="a">Siegenthaler, Rolf</marc:subfield>
      <marc:subfield code="e">Mitwirkender</marc:subfield>
      <marc:subfield code="4">ctb</marc:subfield>
   </marc:datafield>
   <marc:datafield ind1="0" ind2="8" tag="776">
      <marc:subfield code="i">Franz. Ausg. u.d.T.:</marc:subfield>
      <marc:subfield code="t">&#x98;L'&#x9c; écureuil de Pâques</marc:subfield>
      <marc:subfield code="d">Gossau, Zurich, Suisse : Ed. Nord-Sud, 2002</marc:subfield>
      <marc:subfield code="h">[24] S., überw. Ill.</marc:subfield>
      <marc:subfield code="w">(DE-101)967404061</marc:subfield>
   </marc:datafield>
   <marc:datafield ind1=" " ind2=" " tag="850">
      <marc:subfield code="a">DE-101a</marc:subfield>
      <marc:subfield code="a">DE-101b</marc:subfield>
   </marc:datafield>
   <marc:datafield ind1="r" ind2=" " tag="925">
      <marc:subfield code="a">ra</marc:subfield>
   </marc:datafield>
</marc:record>
